000 00458nam a2200181Ia 4500
005 20240823043405.0
008 240823s9999||||xx |||||||||||||| ||und||
020 _a81-7254-011-6
041 _aENGLISH
082 _A351.131
100 _a"Subburaj,V.V.K"
245 0 _aRRB Railway Recruitment Board Exams Technical Cadre
250 _a1st
260 _c1989
_bSura College of Compet
500 _aTRANSFERED
650 _aRRB
_bGeneral
942 _cBK
999 _c210124
_d210124